Consulta popular y exigencias democráticas /
Guardat en:
| Autor principal: | |
|---|---|
| Format: | Text |
| Etiquetes: |
Afegir etiqueta
Sense etiquetes, Sigues el primer a etiquetar aquest registre!
|
MARC
| LEADER | 00000 a a2200000 04500 | ||
|---|---|---|---|
| 001 | 41919 | ||
| 003 | |||
| 040 | |||
| 100 | |a Guzmán León, Juany | ||
| 245 | |a Consulta popular y exigencias democráticas / |c Juany Guzmán León | ||
| 773 | |g (2009), páginas 37-45 | ||
| 999 | |c 21826 |d 21826 | ||
